Mr. Churchill. A portrait

Uloženo v:
Podrobná bibliografie
Hlavní autor: Guedalla, Philip (Autor)
Médium: Kniha
Jazyk:angličtina
Vydáno: Londres Pan Books 1951
Témata:
Tagy: Přidat tag
Žádné tagy, Buďte první, kdo vytvoří štítek k tomuto záznamu!

MARC

LEADER 00000nam a2200000 a 4500
001 UCI4275
003 CL-VaPUC
008 080111e19510000UK |||||||||||||||||eng|d
082 0 4 |a 923.2  |b GUE  |2 21 
100 |a Guedalla, Philip  |e author  |9 586494 
245 1 0 |a Mr. Churchill. A portrait 
300 |a 221 p 
942 |c BK 
945 |d 20080111 00:00:00  |a rbrito 
260 |a Londres  |b Pan Books  |c 1951 
500 |a Donación Padres Capuchinos 
600 0 7 |a CHURCHILL, WINSTON S  |2 CL-VaPUC  |9 342458 
650 0 |a Biografías  |9 255210 
650 0 |a Historia política  |9 256974 
650 0 |a Relaciones Internacionales  |9 255740 
651 0 |a Inglaterra  |9 255158 
583 |a last modification  |c 20080111 00:00:00  |k Rodrigo Vera 
999 |c 328231  |d 328229 
952 |0 0  |1 0  |4 0  |6 923_200000000000000_GUE_1951  |7 0  |8 X  |9 412034  |a FDOBUD  |b FDOBUD  |d 2019-11-22  |i 4400976  |o 923.2 GUE 1951  |p 4400976  |r 2019-11-22  |w 2019-11-22  |y BK_X  |k BUD